Detalles MARC
| 000 -CABECERA |
| campo de control de longitud fija |
00862cam a2200241 a 4500 |
| 001 - NÚMERO DE CONTROL |
| campo de control |
000017985 |
| 005 - FECHA Y HORA DE LA ÚLTIMA TRANSACCIÓN |
| campo de control |
20230519124857.0 |
| 008 - DATOS DE LONGITUD FIJA--INFORMACIÓN GENERAL |
| campo de control de longitud fija |
930506s1992 pr c b 000 0bspa d |
| 035 ## - NÚMERO DE CONTROL DEL SISTEMA |
| Número de control de sistema |
(DLC) 93150163 |
| 035 ## - NÚMERO DE CONTROL DEL SISTEMA |
| Número de control de sistema |
(OCoLC)28327606 |
| 040 ## - FUENTE DE LA CATALOGACIÓN |
| Centro catalogador/agencia de origen |
DO-SdBNP |
| -- |
spa |
| Centro/agencia transcriptor |
PrRU |
| Centro/agencia modificador |
DLC |
| -- |
BNPHU |
| 082 ## - NÚMERO DE LA CLASIFICACIÓN DECIMAL DEWEY |
| Número de clasificación |
927.95 |
| Número de documento/Ítem |
A668A |
| 049 ## - FONDOS LOCALES (OCLC) |
| Fondos de biblioteca |
BNGR |
| 100 1# - ENTRADA PRINCIPAL--NOMBRE DE PERSONA |
| Nombre de persona |
Arrigoitia, Luis de. |
| 9 (RLIN) |
38988 |
| 245 13 - MENCIÓN DE TÍTULO |
| Título |
La ejemplaridad en Margot Arce de Vázquez / |
| Mención de responsabilidad, etc. |
Luis de Arrigoitia ; presentación Elsa Tió. |
| 260 ## - PUBLICACIÓN, DISTRIBUCIÓN, ETC. |
| Lugar de publicación, distribución, etc. |
San Juan, Pueto Rico : |
| Nombre del editor, distribuidor, etc. |
Fundación Felisa Rincón de Gautier, |
| Fecha de publicación, distribución, etc. |
1992. |
| 300 ## - DESCRIPCIÓN FÍSICA |
| Extensión |
36 p. : |
| Otras características físicas |
port. ; |
| Dimensiones |
22 cm. |
| 504 ## - NOTA DE BIBLIOGRAFÍA, ETC. |
| Nota de bibliografía, etc. |
Contiene referencias bibliográficas. |
| 600 10 - PUNTO DE ACCESO ADICIONAL DE MATERIA--NOMBRE DE PERSONA |
| Nombre de persona |
ARCE DE VÁZQUEZ, MARGOT, |
| Fechas asociadas al nombre |
1904-1990. |
| 9 (RLIN) |
38989 |
| 650 #4 - PUNTO DE ACCESO ADICIONAL DE MATERIA--TÉRMINO DE MATERIA |
| Término de materia o nombre geográfico como elemento de entrada |
Hispanistas |
| Subdivisión geográfica |
Puerto Rico |
| Subdivisión general |
Biografía. |
| 9 (RLIN) |
38990 |
| 700 1# - PUNTO DE ACCESO ADICIONAL--NOMBRE DE PERSONA |
| Nombre de persona |
Tió, Elsa, |
| Fechas asociadas al nombre |
1957- |
| 9 (RLIN) |
38991 |
| 910 ## - DATOS DE OPCIÓN DEL USUARIO (OCLC) |
| Datos de opción del usuario |
Catalogación por copia / LC |